[Event "Challenge"]
[Site "http://www.queenalice.com/game.php?id=96069"]
[Date "2006.8.15"]
[Round "-"]
[White "hugo10"]
[Black "lukdimarco"]
[Result "0-1"]
[WhiteElo "1336"]
[BlackElo "1195"]

1. e3 e5 2. Qf3 Nf6 3. Nc3 d6 4. Bc4 Be7 5. Nd5 Nxd5 6. Bxd5 O-O 7. h3 c6 8. Bb3
d5 9. c4 e4 10. Qh5 Nd7 11. Ne2 Nf6 12. Qe5 Bd6 13. Qd4 Re8 14. cxd5 Be5 15. Qc5
cxd5 16. f4 exf3 17. gxf3 Be6 18. d4 Nd7 19. Qb5 Qh4+ 20. Kd1 a6 21. Qxb7 Reb8
22. Qc6 Rc8 23. Qa4 Nb6 24. Qa5 Bc7 25. e4 Nc4 26. Qc5 dxe4 27. f4 Bxf4 28. Qb4
Rab8 29. Qc3 Ne3+ 30. Bxe3 Rxc3 31. Bxf4 Rbxb3 32. bxc3 Rb2 33. Bc1 Rxa2 34. Rb1
h6 35. Rb8+ Kh7 36. Rf1 Qxh3 37. Rg1 Qd3+ 38. Ke1 Qxe2# 0-1

[Event "AUTO-BEG-20"]
[Site "http://www.queenalice.com/game.php?id=96137"]
[Date "2006.8.15"]
[Round "1"]
[White "Warrior"]
[Black "lukdimarco"]
[Result "1-0"]
[WhiteElo "1923"]
[BlackElo "1370"]

1. e4 e5 2. Nf3 d6 3. d4 exd4 4. Nxd4 Be7 5. Nc3 Nf6 6. Bf4 O-O 7. Qd2 Re8 8.
O-O-O Bd7 9. f3 Nc6 10. g4 Ne5 11. Bxe5 dxe5 12. Nf5 Bxf5 13. exf5 Qxd2+ 14.
Rxd2 Bb4 15. Bc4 Rac8 16. g5 Nh5 17. Rd7 Re7 18. Rxe7 Bxe7 19. g6 hxg6 20. fxg6
Bg5+ 21. Kb1 a6 22. Bxf7+ Kf8 23. Rd1 Rd8 24. Re1 Bf4 25. Nd5 c6 26. Nxf4 Nxf4
27. b3 Rd7 28. Rxe5 Re7 29. Rxe7 Kxe7 30. Kc1 Kf6 31. Kd2 Nxg6 32. Bxg6 Kxg6 33.
Ke3 Kf5 34. h4 g6 35. b4 b6 36. c4 c5 37. bxc5 bxc5 38. a3 Ke5 39. f4+ Kf5 40.
Kf3 Ke6 41. Ke4 Kf6 42. Kd5 Kf5 43. Kxc5 Kxf4 44. Kd6 1-0

[Event "AUTO-BEG-20"]
[Site "http://www.queenalice.com/game.php?id=96138"]
[Date "2006.8.15"]
[Round "1"]
[White "lukdimarco"]
[Black "Warrior"]
[Result "0-1"]
[WhiteElo "1359"]
[BlackElo "1896"]

1. e4 c5 2. Nf3 g6 3. d4 cxd4 4. Nxd4 Nc6 5. Nxc6 bxc6 6. Bd3 Bg7 7. O-O e6 8.
Re1 Ne7 9. e5 O-O 10. Nd2 Nd5 11. Ne4 Bxe5 12. Bh6 Bg7 13. Bxg7 Kxg7 14. c4 Nf6
15. Nd6 Qb6 16. b3 Qd4 17. Ne4 Nxe4 18. Rxe4 Qf6 19. Rc1 d5 20. cxd5 exd5 21.
Re3 Kg8 22. Qc2 Bb7 23. Rce1 a5 24. Re7 Ba6 25. Bxa6 Rxa6 26. Rc7 Qd6 27. Ree7
Qf6 28. h3 Qg5 29. Qe2 Rb6 30. Rxf7 Rxf7 31. Qe8+ Rf8 32. Qe6+ Kh8 33. g3 Qf6
34. Qe3 Rb4 35. Qc5 Re4 36. Rxc6 Re1+ 37. Kg2 Qf3+ 38. Kh2 Rh1# 0-1

[Event "AUTO-BEG-20"]
[Site "http://www.queenalice.com/game.php?id=96155"]
[Date "2006.8.15"]
[Round "1"]
[White "lukdimarco"]
[Black "Garry"]
[Result "1-0"]
[WhiteElo "1359"]
[BlackElo "1011"]

1. e4 e5 2. Bc4 Nc6 3. Qf3 Qf6 4. Nc3 Nd4 5. Qxf6 Nxf6 6. Bb3 Bc5 7. Nge2 Nxe2
8. Nxe2 Nxe4 9. O-O O-O 10. d3 Nd6 11. Be3 Bb6 12. Bxb6 axb6 13. f4 1-0

[Event "AUTO-BEG-20"]
[Site "http://www.queenalice.com/game.php?id=96156"]
[Date "2006.8.15"]
[Round "1"]
[White "Garry"]
[Black "lukdimarco"]
[Result "0-1"]
[WhiteElo "1011"]
[BlackElo "1365"]

1. e4 e5 2. Nf3 d6 3. Bc4 Be7 4. O-O Nf6 5. Nc3 Bg4 6. d3 O-O 7. h3 Be6 8. Bb3
c6 9. Nh2 d5 10. exd5 cxd5 11. Bd2 Nc6 12. a3 d4 0-1

[Event "Challenge"]
[Site "http://www.queenalice.com/game.php?id=112793"]
[Date "2006.10.4"]
[Round "-"]
[White "hugo10"]
[Black "lukdimarco"]
[Result "0-1"]
[WhiteElo "1403"]
[BlackElo "1285"]

1. e4 e5 2. Bc4 Nf6 3. Na3 Bxa3 4. bxa3 O-O 5. Bb2 d6 6. g4 Bxg4 7. f3 Bh5 8.
Ne2 Bxf3 9. Rg1 Nxe4 10. d3 Qh4+ 11. Rg3 Nxg3 12. hxg3 Qg4 13. c3 Bxe2 14. Qd2
Bf3 15. Qf2 d5 16. Bb5 a6 17. Ba4 b5 18. Bb3 d4 19. cxd4 exd4 20. Bxd4 Re8+ 21.
Kd2 Re2+ 22. Qxe2 Bxe2 23. Re1 Qxd4 24. Rxe2 Nd7 25. Re4 Qf2+ 26. Kc3 Nc5 27.
Re7 Qf6+ 28. d4 Qxe7 29. dxc5 Qxc5+ 30. Kb2 Rd8 31. a4 Rd2+ 32. Kb1 Qg1+ 33. Bd1
Qxd1# 0-1

[Event "Let's Play Chess!"]
[Site "http://www.queenalice.com/game.php?id=175798"]
[Date "2007.3.1"]
[Round "-"]
[White "lukdimarco"]
[Black "blunderful"]
[Result "0-1"]
[WhiteElo "1370"]
[BlackElo "1701"]

1. e4 e5 2. Nf3 Nc6 3. Bc4 Nf6 4. Nc3 Nxe4 5. Bxf7+ Kxf7 6. Nxe4 Be7 7. O-O Rf8
8. c3 d5 9. Ng3 Kg8 10. d3 Bg4 11. h3 Bxf3 12. gxf3 Qd7 13. Kg2 Rf6 14. Bg5 Rg6
15. Bxe7 Nxe7 16. Rh1 Nf5 17. Qe2 Nh4+ 18. Kf1 Rf8 19. Qxe5 Nxf3 20. Qe2 Rxg3
21. fxg3 Nd4+ 22. Ke1 Nxe2 23. Kxe2 Qe6+ 0-1

[Event "AUTO-OPEN-811"]
[Site "http://www.queenalice.com/game.php?id=264146"]
[Date "2007.8.30"]
[Round "1"]
[White "lukdimarco"]
[Black "yoke"]
[Result "1-0"]
[WhiteElo "1380"]
[BlackElo "1364"]

1. e4 Nc6 2. d4 Nf6 3. e5 Nd5 4. Nf3 e6 5. c4 Nde7 6. Bd3 Nb4 7. O-O d5 8. exd6
cxd6 9. Re1 Nf5 10. Qa4+ Nc6 11. d5 Ne7 12. dxc6 Nxc6 13. Nc3 Bd7 14. Qd1 Be7
15. Ne4 Ne5 16. Nxe5 dxe5 17. a3 Bc6 18. b4 Qd4 19. Bg5 b5 20. Bxe7 Kxe7 21. c5
a5 22. Nd6 axb4 23. Bxb5 Qxc5 24. Bxc6 Qxc6 25. Ne4 bxa3 26. Qb3 Rhb8 27. Qg3 g6
28. Qxe5 Rb5 29. Qf6+ Kf8 30. Qh8+ Ke7 31. Qxh7 Re5 32. Qh4+ Kd7 33. Rad1+ Rd5
34. Nf6+ Kd6 35. Nxd5 a2 36. Qe7# 1-0

[Event "AUTO-OPEN-811"]
[Site "http://www.queenalice.com/game.php?id=264147"]
[Date "2007.8.30"]
[Round "1"]
[White "yoke"]
[Black "lukdimarco"]
[Result "0-1"]
[WhiteElo "1364"]
[BlackElo "1354"]

1. Nc3 d5 2. e3 e5 3. d3 Be6 4. Nf3 Bd6 5. Bd2 Nc6 6. Nb5 Nf6 7. Ng5 O-O 8. d4
exd4 9. Nxd4 Nxd4 10. exd4 Re8 11. Bd3 Bg4+ 12. Be2 c5 13. O-O Bxe2 14. Qc1 Bxf1
15. Qxf1 cxd4 16. Nf3 Ne4 17. Be1 Qb6 18. Rb1 Rac8 19. Qd3 Rc7 20. Nxd4 Nc5 21.
Qf5 Qxb2 22. Rd1 Qxa2 23. Bb4 Ne4 24. Be1 Bc5 25. Nb5 Rce7 26. Nc3 Qxc2 27. Qxd5
Bxf2+ 28. Bxf2 Qxf2+ 29. Kh1 Nxc3 30. h3 Nxd5 31. Rg1 Qg3 32. Rf1 Re1 33. Kg1
Rxf1+ 34. Kxf1 Re1# 0-1

[Event "AUTO-OPEN-811"]
[Site "http://www.queenalice.com/game.php?id=264148"]
[Date "2007.8.30"]
[Round "1"]
[White "lukdimarco"]
[Black "pjhunt"]
[Result "1/2-1/2"]
[WhiteElo "1403"]
[BlackElo "1919"]

1. e4 c5 2. Bc4 e6 3. Nc3 Nc6 4. Nf3 Nf6 5. d4 cxd4 6. Nxd4 Nxd4 7. O-O Nc6 8.
Bg5 Be7 9. Re1 d5 10. exd5 Nxd5 11. Bxe7 Ndxe7 12. Qxd8+ Nxd8 13. Rad1 O-O 14.
Nb5 a6 15. Nd6 b5 16. Be2 Nb7 17. Bf3 Rb8 18. Nxb7 Bxb7 19. Bxb7 Rxb7 20. Rd6 a5
21. Red1 Nd5 22. c3 Rfb8 23. b3 Rb6 24. Rd7 R6b7 25. Rxb7 Rxb7 26. c4 bxc4 27.
bxc4 h6 28. cxd5 exd5 29. Kf1 Rd7 30. Ke2 f6 31. Kd3 Kf7 32. Re1 Re7 33. Rb1 Re4
34. Rb5 Ra4 35. Rxd5 Rxa2 36. Ke3 a4 37. h4 Ke6 38. Ra5 g5 39. hxg5 hxg5 40. g3
Ra3+ 41. Ke2 g4 42. Rb5 Ra2+ 43. Ke3 f5 44. f4 Rg2 45. Kd4 Rxg3 46. Rb6+ Ke7 47.
Ke5 a3 48. Kxf5 a2 49. Ra6 Rg2 50. Kg5 Kd7 51. f5 Ke7 52. f6+ Kf7 53. Ra7+ Kf8
54. Kg6 a1=Q 55. Rxa1 Re2 56. Ra8+ Re8 57. Ra4 g3 58. Rg4 Re3 59. Rh4 Ke8 60.
Rh8+ Kd7 61. Rh1 g2 62. Rg1 Rg3+ 63. Kf5 Rf3+ 64. Kg4 Rxf6 65. Rxg2 Rg6+ 66. Kf3
Rxg2 67. Kxg2 Ke6 1/2-1/2

[Event "AUTO-OPEN-811"]
[Site "http://www.queenalice.com/game.php?id=264149"]
[Date "2007.8.30"]
[Round "1"]
[White "pjhunt"]
[Black "lukdimarco"]
[Result "0-1"]
[WhiteElo "1919"]
[BlackElo "1403"]

1. c4 e6 2. Nc3 Nf6 3. d4 d5 4. cxd5 Nxd5 5. e4 Nxc3 6. bxc3 Be7 7. Nf3 O-O 8.
Bd3 b6 9. e5 Bb7 10. O-O c5 11. Ba3 cxd4 12. Bxe7 Qxe7 13. cxd4 Nc6 14. Qc2 g6
15. a3 Rfd8 16. Be4 Rac8 17. Qb2 Na5 18. Bxb7 Qxb7 19. Rac1 Rxc1 20. Rxc1 Rc8
21. Rxc8+ Qxc8 22. h3 Qc4 23. Qb4 Qxb4 24. axb4 Nc6 25. b5 Ne7 26. Nd2 Nd5 27.
Nc4 Nc3 28. Na3 Kf8 29. Kf1 Ke7 30. Ke1 f5 31. Kd2 Ne4+ 32. Ke3 Ng5 33. Nc4 Kd7
34. Nd2 h5 35. f4 Nf7 36. g3 Nd8 37. Kf3 Nb7 38. Nc4 Nd8 39. Nd6 Kc7 40. g4 Nb7
41. Nxb7 Kxb7 42. gxh5 gxh5 43. h4 a6 44. bxa6+ Kxa6 45. d5 Kb7 46. Ke3 exd5 47.
Kd4 Kc6 48. e6 Kd6 49. e7 Kxe7 50. Kxd5 b5 51. Kc5 Ke6 52. Kxb5 Kd5 53. Kb4 Ke4
54. Kc3 Kxf4 55. Kd2 Kg4 56. Ke2 Kxh4 57. Kf2 Kg4 58. Kg2 h4 59. Kh2 f4 60. Kg2
h3+ 61. Kh2 f3 62. Kg1 Kg3 63. Kh1 Kf2 64. Kh2 Ke2 65. Kh1 f2 66. Kh2 f1=Q 67.
Kg3 Qf5 68. Kh2 Qf3 0-1

[Event "Challenge"]
[Site "http://www.queenalice.com/game.php?id=288489"]
[Date "2007.10.18"]
[Round "-"]
[White "lukdimarco"]
[Black "technicaldraw"]
[Result "0-1"]
[WhiteElo "1355"]
[BlackElo "1972"]

1. e4 e6 2. d4 d5 3. e5 c5 4. c3 Nc6 5. Bb5 cxd4 6. cxd4 Qb6 7. Bxc6+ bxc6 8.
Ne2 Bb4+ 9. Nbc3 Ba6 10. O-O Ne7 11. a3 Bxc3 12. bxc3 Qb5 0-1

[Event "AUTO-OPEN-811"]
[Site "http://www.queenalice.com/game.php?id=383301"]
[Date "2008.4.6"]
[Round "2"]
[White "lukdimarco"]
[Black "adilson_camargo"]
[Result "1-0"]
[WhiteElo "1403"]
[BlackElo "1765"]

1. e4 e5 2. Nf3 d6 3. Bc4 h6 4. O-O Nf6 5. d4 exd4 6. Nxd4 Be7 7. Re1 O-O 8. Nd2
Bd7 9. a3 Nc6 10. c3 Nxd4 11. cxd4 a6 12. f4 b5 13. Ba2 c5 14. d5 c4 15. Qc2 Ng4
16. Nf1 Qc7 17. Bb1 Rfe8 18. e5 dxe5 19. Qh7+ Kf8 20. Qh8# 1-0

[Event "AUTO-OPEN-811"]
[Site "http://www.queenalice.com/game.php?id=383302"]
[Date "2008.4.6"]
[Round "2"]
[White "adilson_camargo"]
[Black "lukdimarco"]
[Result "0-1"]
[WhiteElo "1858"]
[BlackElo "1496"]

1. d4 d5 2. c4 c6 3. cxd5 cxd5 4. Nc3 e6 5. e3 Nf6 6. Bd3 Bd6 7. Nf3 O-O 8. h3
Nc6 9. O-O a6 10. e4 dxe4 11. Bxe4 Nxe4 12. Nxe4 b5 13. a3 Bb7 14. b4 Rc8 15.
Be3 Bb8 16. Nc5 Qc7 17. Rc1 h6 18. Re1 Kh8 19. Rc2 f5 20. Nxe6 Qd6 21. Nxf8 Rxf8
22. Qa1 Kh7 23. Rd1 Ne7 24. Ne5 f4 25. Bd2 Ng6 26. Nxg6 Qxg6 27. g4 Qxc2 28. Bc3
Qe4 29. d5 Bxd5 30. Kf1 Qg2+ 31. Ke1 Re8+ 32. Kd2 Qxf2+ 33. Kc1 Be4 34. Bd2 Rc8+
0-1